Estudos de Psicologia (Registro nro. 1181)

Detalles MARC
000 -LEADER
fixed length control field 00718nas a22001817a 4500
008 - CAMPO DE CONTROL RECURSOS CONTINUADOS
fixed length control field 130226t19889999bl ||||| |||| 00| 0 por d
022 ## - INTERNATIONAL STANDARD SERIAL NUMBER
International Standard Serial Number 0103-166X
245 ## - TITULO
Titulo Estudos de Psicologia
260 ## - PUBLICACION, DISTRIBUCION, ETC. (PIE DE IMPRENTA)
Lugar de publicación, distribución, etc Campinas:
Nombre de la editorial, distribuidor, etc. Instituto de Psicologia da PUCCAMP,
Fecha de publicación 1988
300 ## - DESCRIPCION FISICA
Extensión v. :
310 ## - FRECUENCIA ACTUAL DE LA PUBLICACION
Frecuencia actual de la publicación cuatrimestral
546 ## - NOTA DE IDIOMA
Nota de lenguaje portugués
590 ## - NOTAS LOCALES (RLIN)
Nota local Indizada en: SciELO,LILACS, PsycINFO, Scopus, CLASE, Latindex, Index Psi
590 ## - NOTAS LOCALES (RLIN)
Nota local Existencias: 1988 5(2); 1991 8(1) 8-2(2); 1992 9(1-3); 1993 10(1-3); 1994 11(1-3); 1995 12(1-3); 1996 13(1-3); 1997 14(1-3); 1998 15(1-3)
650 ## - MATERIA-TERMINO TEMATICO
Término temático PSICOLOGIA
9 (RLIN) 1909
856 ## - LOCALIZACION ELECTRONICA Y ACCESO
Identificador Uniforme de Recurso (URI) <a href="http://www.scielo.br/scielo.php?script=sci_serial&pid=0103-166X&nrm=iso&rep=&lng=es">http://www.scielo.br/scielo.php?script=sci_serial&pid=0103-166X&nrm=iso&rep=&lng=es</a>
942 ## - ADDED ENTRY ELEMENTS (KOHA)
Source of classification or shelving scheme Dewey Decimal Classification
Item type Continuing Resources

No hay ítems disponibles.


UNIVERSIDAD NACIONAL DEL COMAHUE
Biblioteca de la Facultad de Ciencias Médicas
Sede Toschi: Los Arrayanes y Av. Toschi, Cipolletti  - Rio Negro
Sede Los Tordos:  Yrigoyen al 2211, Cipolletti - Rio Negro 

Teléfono: 0299 - 4774707 int 25
Contacto: biblioteca@facimed.uncoma.edu.ar
© 2011 - 2026